00329nam a2200121Ia 4500008004100000041000800041082001600049100002200065245004500087260003300132300003100165365001100196240624s9999 xx 000 0 und d aeng a658.404 SUR aSURESH PADMALATHA aPROJECT FINANCE CONCEPTS AND APPLICATION c2006aHyderabadbICFAI press axii, : 296 : p. : cm. ; 23 cRSb50